Měření neelektrických veličin. 2

Enregistré dans:
Détails bibliographiques
Auteur principal: Zehnula, Karel (Auteur)
Format: Livre
Langue:tchèque
Publié: Praha : SNTL, 1968
Tags: Ajouter un tag
Pas de tags, Soyez le premier à ajouter un tag!

MARC

LEADER 00000nam a22000003a 4500
001 stu204688
005 20150617230052.6
008 100601s1972------------------------cze-d
040 |a STU  |b slo 
041 0 |a cze 
080 |a 621.317.39 
100 1 |a Zehnula, Karel  |4 aut 
245 1 |a Měření neelektrických veličin. 2 
260 |a Praha :  |b SNTL,  |c 1968 
996 |b E23458  |c E*23458  |l EE11  |s P  |a 0  |w stu204688_0001